Kent Property Market 2005 (Record no. 105202)
[ view plain ]
| 000 -LEADER | |
|---|---|
| fixed length control field | 01224cab a2200241 4500 |
| 001 - CONTROL NUMBER | |
| control field | ##L132653 |
| 008 - FIXED-LENGTH DATA ELEMENTS--GENERAL INFORMATION | |
| fixed length control field | 060227n2005 000 0 eng u |
| 035 ## - SYSTEM CONTROL NUMBER | |
| System control number | (Sirsi) u132653 |
| 041 0# - LANGUAGE CODE | |
| Language code of text/sound track or separate title | eng |
| 050 04 - LIBRARY OF CONGRESS CALL NUMBER | |
| Classification number | 333.334223 $2 18 |
| 110 2# - MAIN ENTRY--CORPORATE NAME | |
| Corporate name or jurisdiction name as entry element | Kent County Council |
| 9 (RLIN) | 1554 |
| 245 00 - TITLE STATEMENT | |
| Title | Kent Property Market 2005 |
| 260 ## - PUBLICATION, DISTRIBUTION, ETC. | |
| Date of publication, distribution, etc. | 2005 |
| 520 ## - SUMMARY, ETC. | |
| Summary, etc. | In the current climate, Kent's property market is experiencing higher activity levels in all sectors. This report highlights activity and major property deals and discusses progress in the retail, tourism and housing sectors for the Kent property market area. It features coverage on regeneration projects, illustrating a range of initiatives in development and infrastructure in progress throughout the county. The main focus is on the growth areas of Thames Gateway Kent and Ashford, but projects in some of Kent's coastal towns are also discussed. |
| 590 ## - LOCAL NOTE (RLIN) | |
| Local note | IKA280206 |
| 650 24 - SUBJECT ADDED ENTRY--TOPICAL TERM | |
| Topical term or geographic name entry element | KENT |
| 650 24 - SUBJECT ADDED ENTRY--TOPICAL TERM | |
| Topical term or geographic name entry element | ASHFORD |
| 690 ## - LOCAL SUBJECT ADDED ENTRY--TOPICAL TERM (OCLC, RLIN) | |
| Topical term or geographic name as entry element | PROPERTY-COMMERCIAL PROPERTY-COMMERCIAL PROPERTY MARKET |
| 710 2# - ADDED ENTRY--CORPORATE NAME | |
| Corporate name or jurisdiction name as entry element | Cluttons |
| 9 (RLIN) | 2064 |
| 710 2# - ADDED ENTRY--CORPORATE NAME | |
| Corporate name or jurisdiction name as entry element | Locate in Kent |
| 9 (RLIN) | 4891 |
| 856 40 - ELECTRONIC LOCATION AND ACCESS | |
| Uniform Resource Identifier | <a href="https://www.kentpropertymarket.co.uk/">https://www.kentpropertymarket.co.uk/</a> |
| Public note | View the report at www.kentpropertymarket.co.uk... |
| 942 ## - ADDED ENTRY ELEMENTS (KOHA) | |
| Suppress in OPAC | 0 |
No items available.